| 000 | 00665nam a2200217 a 4500 | ||
|---|---|---|---|
| 999 |
_c8345 _d8345 |
||
| 001 | 8345 | ||
| 003 | BD-JhCC | ||
| 005 | 20180222104021.0 | ||
| 008 | 180222s bg a|||| ||a| 000 0 ben d | ||
| 035 | _a(BD-JhCC)8345 | ||
| 040 |
_aBD-JhCC _dBD-JhCC |
||
| 041 | _aben | ||
| 082 |
_a540 _bISL |
||
| 100 | _aইসলাম, মো: রফিকুল | ||
| 245 |
_aসাধারণ রসায়ন / _cমো: রফিকুল ইসলাম, |
||
| 260 |
_aঢাকা : _bবাংলাদেশ কারিগরি শিক্ষা বোর্ড, |
||
| 300 |
_a415 p. : _c22 cm. |
||
| 650 | _aChemistry | ||
| 942 |
_2ddc _cBK |
||